[Event "Schleswig Holstein-ch U18 Vormeister"]
[White "Jensen, Malte"]
[Black "Zessin, Bjoern"]
[Site "Neumuenster"]
[Round "8.2"]
[Result "1/2-1/2"]
[Date "2011.04.30"]
[WhiteElo "1447"]
[BlackElo "1357"]
[PlyCount "54"]
[EventDate "2011.04.25"]
[EventType "swiss"]
[EventRounds "9"]
[EventCountry "GER"]
[SourceTitle "EXT 2022"]
[Source "ChessBase"]
[SourceDate "2021.10.06"]
[SourceVersion "1"]
[SourceVersionDate "2021.10.06"]
[SourceQuality "1"]

1. d4 d5 2. c4 Nf6 3. Nc3 e6 4. Bg5 Be7 5. Nf3 Nbd7 6. e3 dxc4 7. Bxc4 b6 8. 0-0 Bb7 9. Rc1 0-0 10. Qc2 h6 11. Bh4 Nh5 12. Bxe7 Qxe7 13. Bd3 Nhf6 14. Na4 Rac8 15. Nd2 c5 16. dxc5 Nxc5 17. Nxc5 Rxc5 18. Qa4 Ra8 19. Qa3 Rc7 20. Qxe7 Rxe7 21. Be2 Rc8 22. Rxc8+ Bxc8 23. Rc1 Bb7 24. Nf3 Nd5 25. Nd4 Rc7 26. Rxc7 Nxc7 27. Nb5 Nxb5 1/2-1/2

[Event "Schleswig Holstein-ch U18 Vormeister"]
[White "Von Karger, Viktor"]
[Black "Zessin, Bjoern"]
[Site "Neumuenster"]
[Round "4.1"]
[Result "1/2-1/2"]
[Date "2011.04.27"]
[WhiteElo "1574"]
[BlackElo "1357"]
[PlyCount "63"]
[EventDate "2011.04.25"]
[EventType "swiss"]
[EventRounds "9"]
[EventCountry "GER"]
[SourceTitle "EXT 2022"]
[Source "ChessBase"]
[SourceDate "2021.10.06"]
[SourceVersion "1"]
[SourceVersionDate "2021.10.06"]
[SourceQuality "1"]

1. d4 d5 2. c4 Nf6 3. cxd5 Nxd5 4. e4 Nf6 5. Nc3 e6 6. Nf3 Be7 7. Bf4 a6 8. a4 b6 9. Bc4 Bb7 10. Qc2 h6 11. Rd1 Bb4 12. d5 exd5 13. Bxd5 Nxd5 14. exd5 0-0 15. 0-0 Bd6 16. Be3 Nd7 17. Ne4 Nf6 18. Nxf6+ Qxf6 19. Rd4 Rad8 20. Rfd1 Rd7 21. Qd2 Rfd8 22. Rg4 Bf8 23. Bd4 Qd6 24. Be5 Qxd5 25. Rd4 c5 26. Rxd5 Rxd5 27. Bd4 cxd4 28. h3 d3 29. Qf4 R5d7 30. Qf5 Bxf3 31. Qxf3 d2 32. g3 1/2-1/2

[Event "Schleswig Holstein-ch U18 Vormeister"]
[White "Winker, Tobias"]
[Black "Zessin, Bjoern"]
[Site "Neumuenster"]
[Round "2.1"]
[Result "1/2-1/2"]
[Date "2011.04.26"]
[WhiteElo "1359"]
[BlackElo "1357"]
[PlyCount "47"]
[EventDate "2011.04.25"]
[EventType "swiss"]
[EventRounds "9"]
[EventCountry "GER"]
[SourceTitle "EXT 2022"]
[Source "ChessBase"]
[SourceDate "2021.10.06"]
[SourceVersion "1"]
[SourceVersionDate "2021.10.06"]
[SourceQuality "1"]

1. e4 e5 2. Nf3 Nc6 3. Bc4 Bc5 4. d3 Nf6 5. Bg5 h6 6. Bh4 d6 7. Nc3 Be6 8. Nd5 Bxd5 9. Bxd5 Rg8 10. c3 g5 11. Bxc6+ bxc6 12. Bg3 Bb6 13. 0-0 Nh5 14. d4 Nxg3 15. fxg3 exd4 16. cxd4 g4 17. Nh4 Qd7 18. Kh1 0-0-0 19. a4 a5 20. Rb1 c5 21. Nf5 Rg6 22. d5 Re8 23. Qc2 Re5 24. Ne3 1/2-1/2

[Event "Kiel Cup U18"]
[White "Zessin, Bjoern"]
[Black "Luethje, Fabian"]
[Site "Kiel"]
[Round "3.7"]
[Result "0-1"]
[Date "2008.10.17"]
[WhiteElo "1050"]
[BlackElo "1397"]
[PlyCount "117"]
[EventDate "2008.10.16"]
[EventType "team-swiss"]
[EventRounds "7"]
[EventCountry "GER"]
[SourceTitle "EXT 2011"]
[Source "ChessBase"]
[SourceDate "2010.11.26"]
[SourceVersion "1"]
[SourceVersionDate "2010.11.26"]
[SourceQuality "1"]

1. e4 c6 2. d4 d5 3. e5 Bf5 4. Nf3 Nd7 5. Nc3 e6 6. Bd2 Bb4 7. a3 Ba5 8. b4 Bb6 9. Be3 Ne7 10. Bd3 a5 11. Rb1 axb4 12. axb4 Ra3 13. Qd2 Bxd3 14. Qxd3 Nf5 15. Bd2 Nh4 16. Rg1 Nxf3+ 17. gxf3 g6 18. Bf4 Qh4 19. Rg4 Qh3 20. Bg3 Qg2 21. Kd2 h5 22. Rg5 h4 23. Bf4 Qxf2+ 24. Kc1 Bxd4 25. Bd2 Nxe5 26. Rxe5 Bxe5 27. Kb2 Ra6 28. b5 Bxc3+ 29. Bxc3 Rb6 30. Kc1 0-0 31. Bd4 Qe1+ 32. Kb2 Qb4+ 33. Kc1 Qa5 34. Ra1 Qxb5 35. Bxb6 Qxb6 36. Rb1 Qg1+ 37. Qd1 Qxd1+ 38. Kxd1 Rb8 39. Kd2 Kg7 40. Ke3 Kf6 41. Kf4 g5+ 42. Ke3 Ke5 43. c3 f5 44. h3 c5 45. Rb5 b6 46. Rb2 d4+ 47. cxd4+ cxd4+ 48. Ke2 Kf4 49. Kf2 b5 50. Rb4 e5 51. Kg2 g4 52. hxg4 fxg4 53. fxg4 Kxg4 54. Kf2 Kf4 55. Ke2 Ke4 56. Kd2 h3 57. Rb1 h2 58. Rh1 Rh8 59. Ke2 0-1

[Event "Kiel Cup U18"]
[White "Zessin, Bjoern"]
[Black "Moser, Leon"]
[Site "Kiel"]
[Round "5.17"]
[Result "1-0"]
[Date "2008.10.17"]
[WhiteElo "1050"]
[BlackElo "810"]
[PlyCount "37"]
[EventDate "2008.10.16"]
[EventType "team-swiss"]
[EventRounds "7"]
[EventCountry "GER"]
[SourceTitle "EXT 2011"]
[Source "ChessBase"]
[SourceDate "2010.11.26"]
[SourceVersion "1"]
[SourceVersionDate "2010.11.26"]
[SourceQuality "1"]

1. e4 e5 2. f4 exf4 3. Nf3 d6 4. Bc4 Bg4 5. 0-0 Nc6 6. d4 Bxf3 7. Rxf3 Nf6 8. Nc3 Be7 9. Bxf4 Nh5 10. Be3 Bg5 11. Bxg5 Qxg5 12. Bxf7+ Kd7 13. Bxh5 Qxh5 14. e5 Rhf8 15. e6+ Ke7 16. Rf7+ Qxf7 17. exf7 Rxf7 18. Qe2+ Kd7 19. d5 1-0

[Event "Kiel Cup U18"]
[White "Von Karger, Viktor"]
[Black "Zessin, Bjoern"]
[Site "Kiel"]
[Round "2.10"]
[Result "1/2-1/2"]
[Date "2008.10.16"]
[WhiteElo "1573"]
[BlackElo "1050"]
[PlyCount "133"]
[EventDate "2008.10.16"]
[EventType "team-swiss"]
[EventRounds "7"]
[EventCountry "GER"]
[SourceTitle "EXT 2011"]
[Source "ChessBase"]
[SourceDate "2010.11.26"]
[SourceVersion "1"]
[SourceVersionDate "2010.11.26"]
[SourceQuality "1"]

1. d4 d5 2. c4 Nf6 3. cxd5 Nxd5 4. e4 Nb6 5. Nc3 e6 6. Bf4 Bd7 7. Nf3 Bb4 8. Qb3 a5 9. a3 Ba4 10. Qa2 Bxc3+ 11. bxc3 N8d7 12. Bc4 Nf6 13. Ng5 Nxc4 14. Qxc4 Bc6 15. 0-0 Nxe4 16. Nxe4 Bxe4 17. Bxc7 Rc8 18. Qb5+ Bc6 19. Bxd8 Bxb5 20. Rfb1 Ba6 21. Bxa5 0-0 22. Bb4 Rfe8 23. Re1 Red8 24. Bc5 Rc6 25. Rab1 Rb8 26. Rb6 Rxb6 27. Bxb6 Rc8 28. Bc5 h6 29. Rc1 Rc6 30. Rb1 f6 31. f4 Kf7 32. Kf2 g5 33. g3 Kg6 34. Ke3 f5 35. Rb4 g4 36. c4 Kf7 37. Kd3 h5 38. Kc3 Ke8 39. a4 Kd7 40. Rb1 Ke8 41. a5 Kd7 42. Kb4 Ke8 43. Re1 Kd7 44. Re5 Kc7 45. d5 exd5 46. cxd5 Rf6 47. Re7+ Kc8 48. Rh7 Bd3 49. Rxh5 Rf7 50. d6 Rd7 51. Kc3 Be4 52. Kd4 Rf7 53. Ke5 Kd7 54. Rh8 Bd3 55. Rh6 Be4 56. Re6 Bc2 57. Re7+ Rxe7+ 58. dxe7 Ke8 59. Kd6 Be4 60. Ke6 Bd3 61. Kf6 Be4 62. Ke5 Bd3 63. Kd4 Be4 64. Ke3 Bd5 65. Kf2 Be4 66. Kg1 Bf3 67. Kf2 1/2-1/2

[Event "Kieler Cup U14"]
[White "Zessin, Bjoern"]
[Black "Pommerenke, Birger"]
[Site "Kiel"]
[Round "6"]
[Result "0-1"]
[Date "2007.10.20"]
[WhiteElo "873"]
[BlackElo "813"]
[PlyCount "62"]
[EventDate "2007.10.18"]
[EventType "swiss"]
[EventRounds "7"]
[EventCountry "GER"]
[SourceTitle "EXT 2010"]
[Source "ChessBase"]
[SourceDate "2010.11.25"]
[SourceVersion "1"]
[SourceVersionDate "2010.11.25"]
[SourceQuality "1"]

1. e4 e5 2. Nf3 Nc6 3. Bc4 Bc5 4. c3 Nf6 5. d4 exd4 6. cxd4 Bb4+ 7. Bd2 Nxe4 8. Qe2 Bxd2+ 9. Nbxd2 d5 10. Bd3 Bg4 11. Nxe4 dxe4 12. Qxe4+ Be6 13. Bc4 Qd6 14. 0-0 0-0-0 15. Rad1 Bxc4 16. Rfe1 Rhe8 17. Qxh7 Bxa2 18. Qxg7 Rxe1+ 19. Rxe1 Nxd4 20. Qg4+ Be6 21. Qe4 Nxf3+ 22. Qxf3 Bd5 23. Qe3 Bc6 24. h3 Qg6 25. g3 Qf5 26. Kh2 Qd5 27. f3 f5 28. Qc3 Qxf3 29. Qc2 Rg8 30. Rg1 Rxg3 31. Rxg3 Qh1# 0-1

[Event "Kieler Cup U14"]
[White "Dittrich, Gunnar"]
[Black "Zessin, Bjoern"]
[Site "Kiel"]
[Round "1"]
[Result "1-0"]
[Date "2007.10.18"]
[WhiteElo "1963"]
[BlackElo "873"]
[PlyCount "47"]
[EventDate "2007.10.18"]
[EventType "swiss"]
[EventRounds "7"]
[EventCountry "GER"]
[SourceTitle "EXT 2010"]
[Source "ChessBase"]
[SourceDate "2010.11.25"]
[SourceVersion "1"]
[SourceVersionDate "2010.11.25"]
[SourceQuality "1"]

1. e4 e5 2. Bc4 Nf6 3. Nc3 Bc5 4. d3 Nc6 5. Bg5 h6 6. Bh4 g5 7. Bg3 d6 8. h4 g4 9. h5 Be6 10. Bh4 a6 11. Qd2 b5 12. Bd5 Bd7 13. 0-0-0 Rb8 14. Rf1 Nd4 15. f4 gxf3 16. Nxf3 Nxf3 17. Rxf3 Rg8 18. Rxf6 Qc8 19. Qxh6 Be6 20. Bxe6 fxe6 21. Qh7 Rf8 22. Rxf8+ Kxf8 23. Rf1+ Ke8 24. Qe7# 1-0